SeX PiStOLs songs: SUDDEN DEATH - Statistics

General Stats
  • This quiz has been taken 72 times
  • The average score is 7 of 20
Answers on the Grid
Answers color-coded by a green-red scale on the quiz's grid according to % correct below.
White Riot
Pretty Vacant
C'mon Everybody
Satelite
Holidays in Cambodia
New York
Roadrunner
No More Heroes
No One is Innocent
My Way
Smash it up
Lies
Silly Thing
Did You No Wrong
EMI
Something Else
Johnny B. Goode
Not Funny
I Wanna Be You
No Feelings
I Wanna Be Sedated
Problems
No Lip
Substitute
EMI
Black Leather
Sixteen
God Save The Queen
Kill Your Idols
Bodies
 
Answer Stats
Answer % Correct
Pretty Vacant
89%
God Save The Queen
59%
EMI
52%
New York
50%
My Way
48%
EMI
46%
No Feelings
46%
Bodies
41%
Problems
39%
C'mon Everybody
35%
Satelite
33%
No One is Innocent
30%
Silly Thing
30%
Roadrunner
28%
Johnny B. Goode
26%
Something Else
26%
Did You No Wrong
20%
No Lip
13%
Substitute
13%
Black Leather
7%
No matching quizzes found
Score Distribution
Percent of People with Each Score
Percentile by Number Answered
Your Score History
You have not taken this quiz